5HLuxD.jpg

KING HENRY VIII SENIOR AND PRIMARY SCHOOL LIBRARY OPAC

TAMAN BUNGA EMAK SAYA (Record no. 6000)

000 -LEADER
fixed length control field 00684nam a22002057a 4500
005 - DATE AND TIME OF LATEST TRANSACTION
control field 20260120131105.0
008 - FIXED-LENGTH DATA ELEMENTS--GENERAL INFORMATION
fixed length control field 260120b ||||| |||| 00| 0 eng d
020 ## - INTERNATIONAL STANDARD BOOK NUMBER
International Standard Book Number 9789670535821
040 ## - CATALOGING SOURCE
Transcribing agency KH8
082 ## - DEWEY DECIMAL CLASSIFICATION NUMBER
Classification number 495.96 YUS
100 ## - MAIN ENTRY--PERSONAL NAME
Personal name YUSOF,EMILA
Relator term EMILA
245 ## - TITLE STATEMENT
Title TAMAN BUNGA EMAK SAYA
260 ## - PUBLICATION, DISTRIBUTION, ETC.
Place of publication, distribution, etc. Lot 26,Jalan Renggam 15/5,Seksyen 15,40200 Shah Alam,Selangor.
Name of publisher, distributor, etc. GRUP BUKU KARANGKRAF SDN.BHD
Date of publication, distribution, etc. 2014
300 ## - PHYSICAL DESCRIPTION
Extent 32 PAGES
Other physical details Colour illustration
Dimensions 23 cm x 23 cm
520 ## - SUMMARY, ETC.
Summary, etc. Seorang gadis kecil riang ria bermain di taman bunga yang penuh berwarna warni.-Publisher-
650 ## - SUBJECT ADDED ENTRY--TOPICAL TERM
Topical term or geographic name entry element Juvenile Literature
655 ## - INDEX TERM--GENRE/FORM
Genre/form data or focus term Children's Books
655 ## - INDEX TERM--GENRE/FORM
Genre/form data or focus term Malay
942 ## - ADDED ENTRY ELEMENTS (KOHA)
Source of classification or shelving scheme
Koha item type Books - Fiction
Holdings
Withdrawn status Lost status Source of classification or shelving scheme Damaged status Not for loan Collection code Permanent Location Current Location Shelving location Date acquired Full call number Barcode Date last seen Price effective from Koha item type Public note
          Fiction KH8 Primary School Library KH8 Primary School Library Fiction 2026-01-20 495.96 YUS KHPL000008219 2026-01-20 2026-01-20 Books - Fiction PRIMARY LIBRARY

Powered By KH8 IT Dept